| 000 | 00477nam a2200193Ia 4500 | ||
|---|---|---|---|
| 005 | 20240823012558.0 | ||
| 008 | 240823s9999||||xx |||||||||||||| ||und|| | ||
| 020 | _a0-12-065625-6 | ||
| 041 | _aENGLISH | ||
| 082 | _A006.7 N4 | ||
| 100 | _a"Aston,Robert and Schwarz,Joyce Ed." | ||
| 245 | 0 | _aMultimedia | |
| 260 |
_c1994 _b"AP,B" |
||
| 500 | _aTRANSFERED | ||
| 650 |
_aMultimedia _bInformation Technology |
||
| 700 | _a" Schwarz,Joyce" | ||
| 942 | _cBK | ||
| 999 |
_c164804 _d164804 |
||